Operations Research (Record no. 23)

MARC details
000 -LEADER
fixed length control field 00375nam a22001577a 4500
005 - DATE AND TIME OF LATEST TRANSACTION
control field 20160426142346.0
008 - FIXED-LENGTH DATA ELEMENTS--GENERAL INFORMATION
fixed length control field 160426b xxu||||| |||| 00| 0 eng d
020 ## - INTERNATIONAL STANDARD BOOK NUMBER
ISBN 81-203-1923-0
041 ## - LANGUAGE CODE
Language code of text/sound track or separate title eng
082 ## - DEWEY DECIMAL CLASSIFICATION NUMBER
Item number 00110
100 ## - MAIN ENTRY--AUTHOR NAME
Personal name Panneer selvem, R.
245 ## - TITLE STATEMENT
Title Operations Research
260 ## - PUBLICATION, DISTRIBUTION, ETC. (IMPRINT)
Place of publication New Delhi
Name of publisher Prentice hall of India,
Year of publication 2004
300 ## - PHYSICAL DESCRIPTION
Number of Pages 490
942 ## - ADDED ENTRY ELEMENTS (KOHA)
Koha item type Books
Holdings
Lost status Damaged status Collection code Home library Current library Shelving location Date acquired Cost, normal purchase price Full call number Accession Number Koha item type
    Reference JRU Library   SHELF -72- H 26/04/2016 275.00 00110 00110 Books